000 01675cam a2200397 a 4500
001 1061886104
005 20240715180849.0
008 181105s2019 nyu g 000 1 eng|d
010 _a2018052066
020 _a9781538715604 (paperback) :
_c$14.99
035 _a(OCoLC)1061886104
035 _a(DLC) 2018052066
040 _aDLC
_beng
_erda
_cDLC
_dTnLvILS
042 _apcc
050 0 0 _aPS3610.I47
_bF75 2019
082 0 0 _a813/.6
_223
092 _aadult fiction
_bJimenez
100 1 _aJimenez, Abby,
_eauthor.
245 1 4 _aThe friend zone.
_nBook 1 /
_cAbby Jimenez.
246 3 _aThe friend zone.
246 3 _aFriend zone.
250 _aFirst edition.
264 1 _aNew York :
_bForever,
_c2019.
300 _a367 pages ;
_c21 cm.
336 _atext
337 _aunmediated
338 _avolume
490 _aFriend Zone ;
_v1
520 _a"Kristen Peterson doesn't do drama, will fight to the death for her friends, and has no room in her life for guys who just don't get her. She's also keeping a big secret: facing a medically necessary procedure that will make it impossible for her to have children. Planning her best friend's wedding is bittersweet for Kristen--especially when she meets the best man, Josh Copeland ... Even her dog, Stuntman Mike, adores him. The only catch: Josh wants a big family someday"--Back cover.
650 0 _aMan-woman relationships
_vFiction.
_95674079
650 0 _aWeddings
_xPlanning
_vFiction.
_95686538
650 0 _aInfertility
_vFiction.
_95799005
650 0 _aChildlessness
_vFiction.
_96362123
655 0 _aRomance fiction.
942 _2ddc
_cBOOK
999 _c398486
_d398486